00333nam a2200121Ia 45000030006000000080041000060400015000471000025000622450064000872600031001515460012001820050017001940STCL150530s9999 xx 000 0 und d aSTCLcSTCL aUniversity of Madras aHistory of Higher Education in South India.1857-1957 Vol II bUniversity of Madrasc1957 aEnglish20220125165724.0